| 000 | 00987cab a2200301 4500 | ||
|---|---|---|---|
| 001 | WB2915-83 | ||
| 008 | 090401t1993 xxu||||| |||| 00| 0 eng d | ||
| 035 | _a(Sirsi) u6383 | ||
| 041 | _aeng | ||
| 245 | _aEBRD outcry | ||
| 260 | _c1993 | ||
| 350 | _a0 | ||
| 490 |
_aFinancial Times _v13 April 1993, 6; 23 April 1993, 3 |
||
| 490 |
_aTimes _v17 April 1993, 19 |
||
| 490 |
_aDaily Telegraph _v14 April 1993, 1 |
||
| 490 |
_aBuilding _v23 April 1993, 9(6) |
||
| 520 | _aThe EBRD has been strongly criticised for spending more on fitting out and operating its headquarters than it invested. Some estimate costs of £55.5m although the quantity surveyors, Gardiner & Theobald, have maintained that cost control was `ruthless`. | ||
| 650 | _aBANKS | ||
| 650 | _aBOVIS GROUP | ||
| 650 | _aEBRD | ||
| 650 | _aFITTING OUT | ||
| 650 | _aMARBLE | ||
| 650 | _aOVERHEADS | ||
| 690 | _aBUILT ENVIRONMENT | ||
| 690 | _aFINANCE AND INVESTMENT | ||
| 942 | _n0 | ||
| 948 | _c04/03/1997 | ||
| 999 |
_c3843 _d3843 |
||